000 00540nam a2200217Ia 4500
003 OSt
005 20220928135530.0
006 a|||||r|||| 00| 0
007 ta
008 220927b |||||||| |||| 00| 0 eng d
024 _a2840
037 _cTextual
040 _aSDCL
_cSDCL
_beng
041 _2eng
_aeng
082 _aO-,1L75:g(S), M0
100 _aGeorge Diana Hume
_9491269
245 0 _aBlake and Freud
260 _c1980
942 _hO-,1L75:g(S), M0
_cTEXL
_2CC
999 _c806649
_d806649